Greatest 76ers NBA Players - Statistics

General Stats
  • This quiz has been taken 210 times
    35 since last reset
  • The average score is 10 of 16
Answer Stats
Picture Answer % Correct
Allen Iverson
100%
Charles Barkley
97%
James Harden
97%
Joel Embiid
97%
Julius Erving
97%
Moses Malone
91%
Wilt Chamberlain
91%
Ben Simmons
88%
Tyrese Maxey
72%
Hal Greer
53%
Maurice Cheeks
47%
Dolph Schayes
38%
Billy Cunningham
34%
Bobby Jones
22%
Larry Costello
16%
Chet Walker
6%
No matching quizzes found
Score Distribution
Percent of People with Each Score
Percentile by Number Answered
Your Score History
You have not taken this quiz since the last reset